Introducción al estudio de poblaciones animales / (Registro nro. 19442)

Detalles MARC
000 -CABECERA
Campo de control 00921cam a2200277 a 4500
005 - FECHA Y HORA DE LA ULTIMA TRANSACCION
Campo de control 20191224042323.0
008 - ELEMENTOS DE LONGITUD FIJA—INFORMACION GENERAL
Campo de control 891108s19730000sp 0 spa d
020 ## - ISBN
ISBN 842050430
040 ## - FUENTE DE CATALOGACIÓN
Agencia catalogadora original CO-BoPUJ
Agencia transcriptora CO-BoIAVH
Agencia Modificadora CO-BoIAVH
041 0# - IDIOMA
Código de idioma para texto/pista de sonido o título separado Español
044 ## - PAÍS DE PUBLICACIÓN
País de publicación Colombia
082 04 - NUMERO DE CLASIFICACION DECIMAL DEWEY
Número de clasificación 591.5
Número del ítem A56i
100 1# - ASIENTO PRINCIPAL--NOMBRE PERSONAL
Nombre personal Andrewartha, Herbert George
Fechas asociadas con el nombre 1907-
9 (RLIN) 80723
245 10 - MENCION DE TITULO
Título Introducción al estudio de poblaciones animales /
Mención de responsabilidad H.G. Andrewartha
250 ## - MENCION DE EDICION
Mención de edición Primera edición
260 ## - PUBLICACION, DISTRIBUCION, ETC. (PIE DE IMPRENTA)
Lugar de publicación, distribución, etc. Madrid (España) :
Nombre del editor, distribuidor, etc. Alhambra,
Fecha de publicación, distribución, etc. 1973.
300 ## - DESCRIPCION FISICA
Extensión 332 páginas :
Otros detalles físicos tablas ;
Dimensiones 28 x 21 cm.
500 ## - NOTA GENERAL
Nota general Incluye índices
504 ## - NOTA DE BIBLIOGRAFIA, ETC.
Nota de bibliografía Incluye referencias bibliográficas.
650 26 - ASIENTO SECUNDARIO DE MATERIA - TERMINO TEMATICO
Término temático o nombre geográfico como elemento de entrada Ecología animal
9 (RLIN) 93102
650 26 - ASIENTO SECUNDARIO DE MATERIA - TERMINO TEMATICO
Término temático o nombre geográfico como elemento de entrada Comportamiento animal
9 (RLIN) 4688
650 26 - ASIENTO SECUNDARIO DE MATERIA - TERMINO TEMATICO
Término temático o nombre geográfico como elemento de entrada Población animal
9 (RLIN) 80726
650 26 - ASIENTO SECUNDARIO DE MATERIA - TERMINO TEMATICO
Término temático o nombre geográfico como elemento de entrada Fauna
Subdivisión general Distribución de la población
9 (RLIN) 80727
700 1# - ASIENTO SECUNDARIO - NOMBRE PERSONAL
Nombre personal Salas Ortueta, Esteban
Término de relación traductor
9 (RLIN) 80722
942 ## - ELEMENTOS ADICIONALES (KOHA)
Sistema de clasificación Dewey Decimal Classification
Tipo de ítem Libro
Existencias
Withdrawn status Lost status Sistema de Clasificación Damaged status No para préstamo Colección Inventariado Ubicación Permanente Ubicación actual Fecha de adquisición Fuente de Valor Valor Total Checkouts Número topográfico Inventario / Código de Barras Date last seen Ejemplar Price effective from Forma de adquisición Tipo de material Public note
    Dewey Decimal Classification     General Inventariado 2017 Bogotá Bogotá 27/03/2017 Iberlibro 40000.00   LB-591.5 A56i 041107 27/03/2017 Ej. 1 27/03/2017 Donación Libro Disponible en fotocopia, solo para consulta en sala,